00869 2200229 4500001002100000005001700021008004100038035002500079040001200104082001400116084001900130100002300149245017900172260007000351300003000421500008400451504002800535650002300563700002300586850001200609990001800621INLIS00000000000949720150810150812.0  a0010-081500000000935 aYOPDYOG 223a646.3 aSK 646.3 Hal P aHALIMATUS Syadiyah aPengaruh kreativitas mendisain busana terhadap prestasi menjahit busana pada siswa kelas II jurusan tata busana SMKN 4 Yogyakarta tahun ajaran 2006/2007c/ Halimatus Syadiyah aYogyakartabUniversitas Sarjanawiyata Tamansiswa Yogyakartac2006 axiv, 67 lembarc; 29,5 cm aSkripsi Pendidikan Teknologi dan Kejuruan Fakultas Keguruan dan Ilmu Pendidikan aBibliografi: hlm. 66-67 aBusana dan Pakaian aYASMI Teni Susiati aYOPDYOG a47701-PD/A.15